Midterm forecast of Slovak economy for the period 2010-2013 with outlook to 2015

Prezentácia ekonometrického modelu B_IER SAS ECM 09q4, zameraného na strednodobé prognózovanie hospodárskeho vývoja slovenskej ekonomiky. Aplikácia modelu na makroekonomické ukazovatele SR do roku 2015 (resp. 2017).

Gespeichert in:
Bibliographische Detailangaben
1. Verfasser: Radvanský, Marek
Weitere Verfasser: Páleník, Viliam, Slobodníková, Soňa
Format: Buchkapitel
Sprache:Englisch
Schlagworte:
Tags: Tag hinzufügen
Keine Tags, Fügen Sie das erste Tag hinzu!

MARC

LEADER 00000naa$a2200000$$$4500
001 0117086
005 20231102114628.2
041 0 |a eng 
044 |a SK 
245 1 0 |a Midterm forecast of Slovak economy for the period 2010-2013 with outlook to 2015  |c Marek Radvanský, Viliam Páleník, Soňa Slobodníková 
520 |a Prezentácia ekonometrického modelu B_IER SAS ECM 09q4, zameraného na strednodobé prognózovanie hospodárskeho vývoja slovenskej ekonomiky. Aplikácia modelu na makroekonomické ukazovatele SR do roku 2015 (resp. 2017). 
610 2 0 |a Slovensko 
610 2 0 |a ukazovatele makroekonomické 
610 2 0 |a rozvoj hospodársky 
610 2 0 |a modely ekonometrické 
610 2 0 |a prognózy strednodobé 
100 1 |a Radvanský, Marek 
700 1 |a Páleník, Viliam 
700 1 |a Slobodníková, Soňa